000 00451nam a2200181Ia 4500
008 100917s9999 xx 000 0 und d
082 _b50980
100 _aतिबिले अनंत
245 _aवैर
260 _bवैभव प्रकाशन
_c1981
300 _a183
365 _b24
520 _aकादंबरी
630 _aवैर
650 _aकादंबरी
730 _aवैर
942 _cBOOK
999 _c656374
_d656371